Statistics for Science quiz

Click here to take the quiz!

General Stats

  • This quiz has been taken 1,281 times
  • The average score is 9 of 12

Answer Stats

HintAnswer% Correct
What number is acid on the pH scale?1 2 3 4 5 6
95%
Where does a baby stay for 9 months?Uterus
94%
What number is water on the pH scale?7
93%
What is the symbol for water?H2O
93%
What number is alkali on the pH scale?8 9 10 11 12 13 14
92%
What is Ti on the periodic table?Titanium
79%
What is the name when a plant produces oxygen?Photosynthesis
76%
What makes up a living thing?Cells
71%
What small object makes up everything?Atoms
69%
Where is sperm developed?Testes
59%
What is Rh on the periodic table?Rhodium
55%
What is Po on the periodic table?Polonium
53%

Score Distribution

Percentile by Number Answered

Percent of People with Each Score

Your Score History

You have not taken this quiz